Precis practice for overseas students

Αποθηκεύτηκε σε:
Λεπτομέρειες βιβλιογραφικής εγγραφής
Κύριος συγγραφέας: Bright, John Ambrose
Άλλοι συγγραφείς: Nicholson, K. F.
Μορφή: Βιβλίο
Γλώσσα:English
Δημοσίευση: [London] : Longmans, [1960]
Θέματα:
Ετικέτες: Προσθήκη ετικέτας
Δεν υπάρχουν, Καταχωρήστε ετικέτα πρώτοι!

MARC

LEADER 00000cam a2200000 i 4500
001 1/97820
008 081121r19601950 eng d
035 |l 10101861 
040 |a GR-MY-UA  |b gre  |e aacr 
041 0 |a eng 
082 0 |a 428.0071  |2 (22) 
100 1 |a Bright, John Ambrose. 
245 1 0 |a Precis practice for overseas students /  |c by J.A. Bright and K.F. Nicholson 
260 |a [London] :   |b Longmans,   |c [1960] 
300 |a viii, 119 σ.;  |c 18 εκ. 
500 |a "Twelfth impression 1960" 
650 0 0 |a Abstracting. 
650 0 0 |a English language  |v Textbooks for foreign speakers. 
650 0 0 |a English language  |x Study and teaching. 
700 1 |a Nicholson, K. F. 
852 |a INST  |b RHODES  |c AKA  |e 20081121  |h  428.0071 BRI  |p 005400031332  |q 005400031332  |t BK  |y 0 
901 |a BIBL4-2008-3 
909 |a Ρ  |b 153665 
970 |a ΧΑΡΙΟΠΟΛΙΤΟΥ  |b ΚΩΝΣΤΑΝΤΙΝΑ  |z 2008/11/21